| 000 | 00329nam a22001337a 4500 | ||
|---|---|---|---|
| 082 |
_a158 _bSHA/Y |
||
| 100 | _aSHARMA,S.P | ||
| 245 | _aA YOUNGSTERS' GUIDE TO PERSONALITY DEVELOPMENT | ||
| 260 |
_aHYDERABAD _bV&S PUBLISHERS |
||
| 300 | _a115 | ||
| 650 |
_aPERSONALITY DEVELOPMENT _zHYDERABAD |
||
| 700 | _aSHARMA,S.P | ||
| 942 | _cBK | ||
| 999 |
_c5510 _d5510 |
||